000
00340nam a22001457a 4500
999
_c
7823
_d
7823
003
OSt
005
20200522143503.0
008
200522b ||||| |||| 00| 0 eng d
020
_a
9780582212558
082
_a
691MIC
100
_a
McEvoy, Michael
245
_a
External components Author: McEvoy, Michael
260
_b
Longman
942
_2
ddc